00452 2200169 4500001002100000008004100021035002000062245005300082100001900135260003100154300001300185020001800198084001400216082000800230650002600238990001800264INLIS000000000000834 ind  a0010-0724000834 aTata Bahasa Korea Praktis PemulacMasnur Muslich aMuslich,Masnur aJakartabBumi Aksarac2008 a200 hlm. a979-010-427-8 a415 MUS t a415 aTata Bahasa Indonesia aP29/CP/24/834